[Event "28th WSCC2018 - Open 50+"]
[Site "Bled"]
[Date "2018.11.23"]
[Round "6.1"]
[White "Sturua, Zurab"]
[Black "Movsziszian, Karen"]
[Result "1/2-1/2"]
[WhiteElo "2529"]
[BlackElo "2513"]
[PlyCount "84"]
[EventDate "2018.11.18"]

1. d4 c5 2. e3 Nf6 3. Nf3 g6 4. c4 Bg7 5. Nc3 O-O 6. Be2 d6 7. O-O b6 8. b3 Bb7
9. Bb2 e6 10. Qc2 Qe7 11. Rfd1 Nbd7 12. Rd2 Rfd8 13. Rad1 Rac8 14. Qb1 a6 15.
h3 cxd4 16. Rxd4 Nc5 17. Ne1 Nfe4 18. Nxe4 Nxe4 19. Nf3 Bxd4 20. exd4 Ng5 21.
Nh2 f5 22. Qd3 b5 23. Qe3 bxc4 24. bxc4 h6 25. d5 Re8 26. h4 Nf7 27. h5 g5 28.
Qc3 Ne5 29. dxe6 Qxe6 30. Qd4 Kh7 31. Nf1 Re7 32. Ng3 Rf7 33. Qb6 Rc6 34. Qd4
Rc8 35. Qb6 Rd7 36. Qd4 g4 37. Qf4 Rf7 38. Rd4 Re8 39. Bf1 Qf6 40. Rd2 Qg5 41.
Qxg5 hxg5 42. Rxd6 Bc8 1/2-1/2

[Event "28th WSCC2018 - Open 50+"]
[Site "Bled"]
[Date "2018.11.23"]
[Round "6.2"]
[White "Bischoff, Klaus"]
[Black "Arakhamia-Grant, Ketevan"]
[Result "1/2-1/2"]
[WhiteElo "2507"]
[BlackElo "2373"]
[PlyCount "46"]
[EventDate "2018.11.18"]

1. d4 Nf6 2. Nf3 g6 3. Nbd2 d5 4. e3 Bg7 5. Be2 c5 6. c3 cxd4 7. cxd4 O-O 8. b4
Bf5 9. Bb2 Nbd7 10. O-O Rc8 11. Qb3 Bc2 12. Qa3 Qb6 13. b5 Rfe8 14. Rfc1 Bf8
15. Bc3 e6 16. Bb4 Be4 17. Bxf8 Rxf8 18. Ng5 h6 19. Ngxe4 Nxe4 20. Nxe4 dxe4
21. Qe7 Qd8 22. Qa3 Qb6 23. Qe7 Qd8 1/2-1/2

[Event "28th WSCC2018 - Open 50+"]
[Site "Bled"]
[Date "2018.11.23"]
[Round "6.3"]
[White "Arkell, Keith C"]
[Black "Danielsen, Henrik"]
[Result "0-1"]
[WhiteElo "2443"]
[BlackElo "2504"]
[PlyCount "126"]
[EventDate "2018.11.18"]

1. d4 d6 2. Nf3 g6 3. c4 Bg7 4. Nc3 e5 5. e4 Nc6 6. d5 Nd4 7. Nxd4 exd4 8. Nb5
Bd7 9. Be2 Bxb5 10. cxb5 Ne7 11. O-O O-O 12. Bd3 c5 13. bxc6 bxc6 14. dxc6 Nxc6
15. Bc4 Rc8 16. b3 Qh4 17. f4 Rfe8 18. Qf3 Qe7 19. Ba3 Qxe4 20. Qxe4 Rxe4 21.
Bxd6 Rd8 22. Bc5 d3 23. Rad1 d2 24. Bb5 Nb4 25. Bxb4 Rxb4 26. Bc4 Rb7 27. Rf3
Rbd7 28. Kf1 Bb2 29. Ke2 Bc1 30. Rd3 Rxd3 31. Bxd3 Re8+ 32. Kf2 Kf8 33. Be2 Re7
34. h4 Ke8 35. h5 Kd7 36. hxg6 hxg6 37. Kf3 Kd6 38. b4 Kd5 39. Bb5 Kd4 40. Ba4
Kc3 41. b5 Kb4 42. Bb3 Kxb5 43. g4 a5 44. g5 a4 45. Bc2 Rc7 46. Be4 Kb4 47. Bd5
Kc3 48. Kf2 Kd4 49. Bf3 Rc2 50. Ke2 Rxa2 51. Bc6 Ra3 52. Kf2 Kd3 53. Be8 Ke4
54. Bxf7 Kxf4 55. Bxg6 Kxg5 56. Rg1+ Kf4 57. Ke2 Re3+ 58. Kd1 a3 59. Bf7 Ke5
60. Rh1 Kd4 61. Kc2 Re1 62. Rh4+ Kc5 63. Bh5 Rh1 0-1

[Event "28th WSCC2018 - Open 50+"]
[Site "Bled"]
[Date "2018.11.23"]
[Round "6.4"]
[White "Bagaturov, Giorgi"]
[Black "Soffer, Ram"]
[Result "1-0"]
[WhiteElo "2417"]
[BlackElo "2472"]
[PlyCount "119"]
[EventDate "2018.11.18"]

1. c4 e5 2. Nc3 Nf6 3. Nf3 Nc6 4. a3 g6 5. g3 Bg7 6. Bg2 O-O 7. O-O d6 8. d3
Nd4 9. Nd2 c6 10. e3 Ne6 11. b4 d5 12. Bb2 d4 13. exd4 Nxd4 14. Nce4 Nxe4 15.
Nxe4 Bf5 16. c5 Bxe4 17. dxe4 Qd7 18. Bxd4 exd4 19. Qd3 f5 20. Bh3 Qf7 21. exf5
gxf5 22. Rfe1 a5 23. Rab1 axb4 24. axb4 Kh8 25. Re2 f4 26. Rbe1 Rae8 27. Rxe8
Rxe8 28. Rxe8+ Qxe8 29. Qf5 fxg3 30. hxg3 Qe7 31. Bf1 Bf6 32. Bd3 Kg8 33. Kg2
Qf7 34. Be4 Kf8 35. Qc8+ Qe8 36. Qg4 Qf7 37. Qf5 h6 38. Bf3 Bg5 39. Qe4 Qd7 40.
Be2 Bd2 41. Bc4 Bxb4 42. Be6 Qg7 43. Qf4+ Ke7 44. Qd6+ Ke8 45. Qb8+ Ke7 46.
Qxb7+ Kf6 47. Qxc6 Qe7 48. Bc4+ Kg7 49. Bd3 Bxc5 50. Qg6+ Kf8 51. Qxh6+ Qg7 52.
Qe6 Qb7+ 53. Be4 Qe7 54. Qf5+ Kg7 55. Qg6+ Kf8 56. Bd5 Qg7 57. Qf5+ Ke7 58. Qc8
Ba7 59. Qc7+ Kf6 60. Qd6+ 1-0

[Event "28th WSCC2018 - Open 50+"]
[Site "Bled"]
[Date "2018.11.23"]
[Round "6.5"]
[White "Prie, Eric"]
[Black "Petran, Peter"]
[Result "1-0"]
[WhiteElo "2482"]
[BlackElo "2256"]
[PlyCount "63"]
[EventDate "2018.11.18"]

1. d4 g6 2. e4 c6 3. Nc3 Bg7 4. Nf3 b5 5. Bd3 d6 6. Be3 Nd7 7. Qd2 Qc7 8. O-O
a6 9. a4 Bb7 10. Rfe1 b4 11. Ne2 a5 12. Ng3 h5 13. h3 e6 14. c3 bxc3 15. bxc3
Ne7 16. Rab1 Ba6 17. Bxa6 Rxa6 18. Bg5 f6 19. Be3 h4 20. Nf1 Rb6 21. Qa2 d5 22.
N1d2 Kf7 23. Rxb6 Qxb6 24. c4 g5 25. exd5 exd5 26. c5 Qa7 27. Ne4 Nf5 28. Bxg5
fxg5 29. Nexg5+ Kg8 30. Qc2 Nh6 31. Re7 Kf8 32. Qe2 1-0

[Event "28th WSCC2018 - Open 50+"]
[Site "Bled"]
[Date "2018.11.23"]
[Round "6.6"]
[White "Habibi, Ali"]
[Black "Vareille, Francois"]
[Result "0-1"]
[WhiteElo "2237"]
[BlackElo "2432"]
[PlyCount "98"]
[EventDate "2018.11.18"]

1. c4 Nf6 2. Nf3 g6 3. b3 Bg7 4. Bb2 O-O 5. e3 d6 6. d4 c5 7. Be2 cxd4 8. Nxd4
Nc6 9. O-O Bd7 10. Nc3 Qa5 11. Qd2 Rfc8 12. Rfd1 a6 13. Bf3 Rab8 14. Nd5 Qxd2
15. Rxd2 Nxd5 16. Nxc6 bxc6 17. cxd5 Bxb2 18. Rxb2 c5 19. Be2 a5 20. Bc4 Rb4
21. a3 Rb6 22. a4 Rcb8 23. f3 Bc8 24. Ra3 Ba6 25. Bxa6 Rxa6 26. Rc2 Rb4 27. Kf2
Rab6 28. Rc3 g5 29. g3 Kg7 30. h3 h5 31. f4 g4 32. hxg4 hxg4 33. Ke2 Kg6 34.
Kd3 Kf5 35. Ra2 Rxb3 36. e4+ Kg6 37. Rh2 R6b4 38. Rh4 Rxc3+ 39. Kxc3 f5 40.
exf5+ Kxf5 41. Rh7 Rxa4 42. Rxe7 Ra3+ 43. Kc4 Rxg3 44. Kb5 Kxf4 45. Kc6 Rd3 46.
Kxd6 c4 47. Rf7+ Ke4 48. Re7+ Kf3 49. Rf7+ Ke2 0-1

[Event "28th WSCC2018 - Open 50+"]
[Site "Bled"]
[Date "2018.11.23"]
[Round "6.7"]
[White "Bergstrom, Rolf"]
[Black "Kalegin, Evgenij"]
[Result "0-1"]
[WhiteElo "2216"]
[BlackElo "2413"]
[PlyCount "35"]
[EventDate "2018.11.18"]

1. e4 c5 2. Nf3 e6 3. b3 b6 4. Bd3 Bb7 5. O-O d6 6. Re1 Nd7 7. c3 g5 8. Re2 g4
9. Ne1 Bg7 10. Bc2 Ne7 11. a3 d5 12. d3 Qc7 13. b4 O-O 14. Bg5 Ng6 15. bxc5
bxc5 16. exd5 Bxd5 17. Qd2 Be5 18. g3 0-1

[Event "28th WSCC2018 - Open 50+"]
[Site "Bled"]
[Date "2018.11.23"]
[Round "6.8"]
[White "Farrell, Neil"]
[Black "Van Der Werf, Mark"]
[Result "0-1"]
[WhiteElo "2117"]
[BlackElo "2402"]
[PlyCount "36"]
[EventDate "2018.11.18"]

1. d4 Nf6 2. c4 e6 3. g3 c5 4. d5 exd5 5. cxd5 d6 6. Nc3 g6 7. Bg2 Bg7 8. Nf3
O-O 9. O-O Re8 10. Bf4 Bf5 11. Ne1 Qb6 12. e4 Bxe4 13. Bxe4 Nxe4 14. Qa4 Nf6
15. Ng2 Na6 16. Rfe1 Qxb2 17. Rac1 Rxe1+ 18. Nxe1 Nb4 0-1

[Event "28th WSCC2018 - Open 50+"]
[Site "Bled"]
[Date "2018.11.23"]
[Round "6.10"]
[White "Berend, Fred"]
[Black "Mukanov, Saltanat"]
[Result "1-0"]
[WhiteElo "2369"]
[BlackElo "2250"]
[PlyCount "193"]
[EventDate "2018.11.18"]

1. d4 Nf6 2. Nf3 g6 3. c4 Bg7 4. Nc3 O-O 5. e4 d6 6. Be2 Bg4 7. Be3 Nfd7 8. Rc1
a5 9. Qd2 Bxf3 10. Bxf3 e5 11. O-O Nc6 12. d5 Ncb8 13. Bd1 Na6 14. f3 Nb6 15.
b3 Nc5 16. Bc2 f5 17. exf5 gxf5 18. Kh1 Rf7 19. g4 f4 20. Bxc5 dxc5 21. Bf5 Kh8
22. Ne4 Bf8 23. Qf2 Qe7 24. Rcd1 Nc8 25. Be6 b6 26. Bxf7 Qxf7 27. Ng5 Qf6 28.
h4 Bd6 29. Kg2 Ne7 30. Rh1 Qg6 31. Kh3 Ng8 32. Ne4 Nf6 33. Nxf6 Qxf6 34. Qc2
Rf8 35. Qe4 Kg7 36. Rh2 Qg6 37. Qe2 Kg8 38. Rg1 Kg7 39. Re1 Kg8 40. Qe4 Qg7 41.
Rg2 Qd7 42. Ree2 Rf7 43. Qb1 Kf8 44. Qe1 Re7 45. Re4 Qe8 46. Kh2 Qf7 47. Kg1
Qf6 48. Kf1 Ke8 49. Ke2 Kd8 50. Qh1 Kc8 51. Qh3 Kb7 52. g5 Qf8 53. Kf1 a4 54.
Rb2 Qa8 55. Qg2 Rg7 56. Re1 Qe8 57. Qg4 Qg6 58. Re4 Qe8 59. Rbe2 Qa8 60. bxa4
Qxa4 61. Kg2 Qd1 62. Kh2 Rg8 63. Qg2 Ra8 64. Rd2 Qc1 65. Kh3 Ra3 66. Kg4 Qc3
67. Rc2 Qa5 68. h5 Qa8 69. Rce2 Qc8+ 70. Kh4 h6 71. Rxe5 Bxe5 72. Rxe5 Re3 73.
Rxe3 fxe3 74. gxh6 Qf5 75. h7 Qxh7 76. f4 Qe7+ 77. Kg3 Qg7+ 78. Kf3 Qd4 79. Qe2
b5 80. cxb5 c4 81. Qxe3 Qd1+ 82. Qe2 Qh1+ 83. Ke3 Qc1+ 84. Ke4 c3 85. Kd3 Qxf4
86. Kxc3 Qc1+ 87. Kb3 Qb1+ 88. Ka4 Qf5 89. Qc4 Qxh5 90. Ka5 Qh2 91. Qc6+ Kb8
92. a4 Qf2 93. b6 Qd2+ 94. Ka6 Qe2+ 95. Qb5 Qe4 96. bxc7+ Kxc7 97. Qc6+ 1-0

[Event "28th WSCC2018 - Open 50+"]
[Site "Bled"]
[Date "2018.11.23"]
[Round "6.11"]
[White "Cummings, David H"]
[Black "Chapman, Terry P D"]
[Result "1-0"]
[WhiteElo "2331"]
[BlackElo "2172"]
[PlyCount "101"]
[EventDate "2018.11.18"]

1. Nf3 d6 2. d4 g6 3. c4 Bg7 4. e4 Bg4 5. Be2 Nc6 6. Nbd2 e5 7. d5 Nce7 8. h3
Bd7 9. c5 Nf6 10. cxd6 cxd6 11. a4 O-O 12. O-O h6 13. Re1 Ne8 14. Qb3 Bc8 15.
Nc4 Kh7 16. Bd2 f5 17. Bd3 fxe4 18. Bxe4 Nf6 19. Bb4 Nxe4 20. Rxe4 Bf5 21. Ree1
Rf6 22. Rad1 Rc8 23. Rd2 Qc7 24. Ncxe5 Nxd5 25. Qxd5 dxe5 26. Bd6 Qf7 27. Bxe5
Qxd5 28. Rxd5 Rf7 29. Bxg7 Kxg7 30. Nd4 Bd7 31. a5 Rc4 32. b3 Rc3 33. Rd6 Kh7
34. Re3 Rc1+ 35. Kh2 Rd1 36. f3 Rd2 37. Kg3 a6 38. h4 Ra2 39. Re5 Rd2 40. Nf5
Rb2 41. Nd4 Ra2 42. Red5 Be8 43. Re6 Bd7 44. Rb6 Bf5 45. Nxf5 gxf5 46. Kf4 Rxg2
47. Rdd6 Rb2 48. Rxh6+ Kg7 49. Rbg6+ Kf8 50. Rh8+ Ke7 51. Rb6 1-0

[Event "28th WSCC2018 - Open 50+"]
[Site "Bled"]
[Date "2018.11.23"]
[Round "6.12"]
[White "Galvan Sarmiento, Jose Luis"]
[Black "Plotkin, Victor"]
[Result "0-1"]
[WhiteElo "1868"]
[BlackElo "2307"]
[PlyCount "102"]
[EventDate "2018.11.18"]

1. d4 Nf6 2. Bf4 e6 3. e3 b6 4. Nd2 Bb7 5. Ngf3 Be7 6. h3 d6 7. c3 Nbd7 8. Bd3
O-O 9. Qe2 Re8 10. Bh2 Bf8 11. O-O e5 12. dxe5 Nxe5 13. Nxe5 dxe5 14. Rfd1 Qe7
15. Bc2 g6 16. Nf3 Nd7 17. Ba4 c6 18. Rd2 Bg7 19. Rad1 Nc5 20. Bc2 Ba6 21. c4
f5 22. a3 Qf7 23. b3 Re7 24. Rd6 Bf6 25. Qe1 Bb7 26. Bg3 Rae8 27. Rxf6 Qxf6 28.
Bh4 Qe6 29. Bxe7 Qxe7 30. Qd2 e4 31. Ne1 Ne6 32. Qd7 Kf8 33. b4 Rd8 34. Qxe7+
Kxe7 35. Rxd8 Kxd8 36. g4 c5 37. Ng2 fxg4 38. hxg4 Ke7 39. Kh2 cxb4 40. axb4 a5
41. bxa5 bxa5 42. Nh4 Kd6 43. Kg3 Kc5 44. f4 exf3 45. Nxf3 Bxf3 46. Kxf3 Kxc4
47. Ke4 Kc3 48. Bd1 Kd2 49. Bb3 Nc5+ 50. Kd5 Nxb3 51. e4 Kc3 0-1

[Event "28th WSCC2018 - Open 50+"]
[Site "Bled"]
[Date "2018.11.23"]
[Round "6.13"]
[White "Metz, Hartmut"]
[Black "Biro, Sandor"]
[Result "1-0"]
[WhiteElo "2296"]
[BlackElo "2191"]
[PlyCount "101"]
[EventDate "2018.11.18"]

1. d4 Nf6 2. Nf3 g6 3. Bf4 Bg7 4. c3 O-O 5. e3 d6 6. h3 c5 7. Be2 Qb6 8. Qb3
Be6 9. Qxb6 axb6 10. a3 c4 11. Nbd2 d5 12. Ne5 b5 13. O-O Ne4 14. Rad1 g5 15.
Bh2 f6 16. Nef3 Nd6 17. Rfe1 Nd7 18. Bf1 Bf5 19. g4 Bc2 20. Rc1 Bg6 21. Bg2 Nb6
22. Bxd6 exd6 23. Nf1 h6 24. Ng3 f5 25. Nxf5 Bxf5 26. gxf5 Rxf5 27. Re2 h5 28.
Nh2 Raf8 29. Nf1 g4 30. Ng3 Rg5 31. h4 Rg6 32. Nxh5 Rh6 33. Nf4 Rf5 34. Rce1
Bf6 35. h5 Bg5 36. Nxd5 Nxd5 37. Bxd5+ Kg7 38. Be4 Rf3 39. Kg2 Rh3 40. Bg6 Rh8
41. Rh1 Rxh1 42. Kxh1 Rf8 43. Kg2 Bh4 44. e4 Kh6 45. e5 dxe5 46. dxe5 Rd8 47.
e6 Be7 48. Bf7 Rd5 49. f3 Kg5 50. fxg4 Rd3 51. Bg6 1-0

[Event "28th WSCC2018 - Open 50+"]
[Site "Bled"]
[Date "2018.11.23"]
[Round "6.14"]
[White "Dougherty, Michael"]
[Black "Findlay, Ian T"]
[Result "0-1"]
[WhiteElo "2155"]
[BlackElo "2255"]
[PlyCount "70"]
[EventDate "2018.11.18"]

1. d4 Nf6 2. Nf3 c5 3. c3 e6 4. e3 b6 5. Nbd2 Be7 6. Bd3 Ba6 7. Bxa6 Nxa6 8.
O-O O-O 9. Qe2 Qc8 10. a4 Qb7 11. e4 cxd4 12. Nxd4 Nc5 13. f3 Rab8 14. b4 Na6
15. N2b3 Rfc8 16. Bd2 d6 17. Rfc1 d5 18. e5 Nd7 19. f4 Nc7 20. Rf1 f5 21. a5 b5
22. a6 Qa8 23. Ra5 Nb6 24. Nxb5 Nc4 25. Nxc7 Rxc7 26. Raa1 Rb6 27. Be3 Nxe3 28.
Qxe3 Qc8 29. Rfc1 Rxa6 30. Rxa6 Qxa6 31. Ra1 Qc4 32. Rxa7 Rxa7 33. Qxa7 Qxc3
34. h3 Qe1+ 35. Kh2 Bh4 0-1

[Event "28th WSCC2018 - Open 50+"]
[Site "Bled"]
[Date "2018.11.23"]
[Round "6.15"]
[White "Lagunov, Evgenij"]
[Black "Smolin, Sergey"]
[Result "0-1"]
[WhiteElo "2272"]
[BlackElo "2140"]
[PlyCount "80"]
[EventDate "2018.11.18"]

1. e4 g6 2. d4 Bg7 3. Nc3 a6 4. f4 d5 5. Nxd5 e6 6. Ne3 Qxd4 7. Qf3 Qb4+ 8. Kf2
Nf6 9. Bd3 Nc6 10. e5 Nd5 11. Nxd5 exd5 12. Ne2 Qb6+ 13. Be3 d4 14. Bc1 Be6 15.
a3 O-O-O 16. Re1 g5 17. g3 gxf4 18. gxf4 f6 19. exf6 Bxf6 20. Ng3 Bd5 21. Qh5
Ne7 22. b4 Ng6 23. Nf5 Kb8 24. Bd2 Qc6 25. a4 Bc4 26. b5 Qc5 27. Ng3 Rd5 28.
Qf3 Bh4 29. Be4 Rf8 30. Rab1 Ne5 31. Qg2 d3+ 32. Be3 Ng4+ 33. Kf3 Nxe3 34. Rxe3
Rxf4+ 35. Kxf4 Bg5+ 36. Kg4 Qxe3 37. Qf3 dxc2 38. Bxc2 Rd4+ 39. Be4 Be2 40.
Qxe2 Rxe4+ 0-1

[Event "28th WSCC2018 - Open 50+1"]
[Site "Bled"]
[Date "2018.11.23"]
[Round "6.16"]
[White "Ruiz Bellon, Manuel"]
[Black "Kastelic, Marian"]
[Result "0-1"]
[WhiteElo "1934"]
[BlackElo "2241"]
[PlyCount "112"]
[EventDate "2018.11.18"]

1. e4 e5 2. Nf3 Nc6 3. Bb5 Nge7 4. O-O g6 5. Re1 Bg7 6. c3 a6 7. Ba4 b5 8. Bb3
O-O 9. h3 d5 10. d3 h6 11. a4 Rb8 12. axb5 axb5 13. Nbd2 Be6 14. exd5 Nxd5 15.
Ne4 f5 16. Nc5 Bf7 17. Ra6 Qd6 18. d4 e4 19. Nd2 Rb6 20. Ra1 Rd8 21. Nf1 Nce7
22. Ne3 Qf6 23. Ra7 Rc6 24. Qe2 b4 25. Bd2 Rxc5 26. dxc5 Nf4 27. Bxf7+ Qxf7 28.
Qc4 Rxd2 29. Rxc7 Ne6 30. Rb7 bxc3 31. bxc3 Rd3 32. Rc1 Nf4 33. Kf1 Nfd5 34.
Nxd5 Rxd5 35. Qb5 Qf6 36. Qe8+ Bf8 37. Qb5 Qe5 38. Qc4 Qe6 39. Qb3 Kf7 40. Rb6
Qe5 41. Rd1 Kg7 42. Rxd5 Nxd5 43. Rb7+ Kf6 44. c6 Ke6 45. Rb5 Bd6 46. Ra5 Bc7
47. Rb5 e3 48. fxe3 Qe4 49. Ke2 Qxe3+ 50. Kd1 Qg1+ 51. Kc2 Qxg2+ 52. Kb1 Qf1+
53. Kb2 Qf2+ 54. Ka3 Bd6+ 55. Ka4 Qd2 56. Qc4 Qd1+ 0-1

[Event "28th WSCC2018 - Open 50+1"]
[Site "Bled"]
[Date "2018.11.23"]
[Round "6.17"]
[White "Ernst, Michael"]
[Black "Lochte, Thomas"]
[Result "1-0"]
[WhiteElo "2197"]
[BlackElo "2105"]
[PlyCount "81"]
[EventDate "2018.11.18"]

1. d4 Nf6 2. c4 e5 3. dxe5 Ng4 4. Bf4 Bb4+ 5. Nd2 Qe7 6. Ngf3 Nc6 7. a3 Ngxe5
8. Nxe5 Nxe5 9. e3 Bd6 10. Ne4 Nxc4 11. Nxd6+ Nxd6 12. Rc1 g5 13. Bg3 f5 14.
Be2 Rf8 15. Rxc7 Ne4 16. Qc1 Kd8 17. Rc4 d6 18. Bf3 Be6 19. Rd4 d5 20. Qd1 Qd7
21. Bxe4 fxe4 22. h4 g4 23. O-O Rc8 24. Rb4 a5 25. Rb6 Rc6 26. Qd4 Ke8 27. b4
Rxb6 28. Qxb6 axb4 29. axb4 Kf7 30. Ra1 Qc6 31. Qd4 Qc4 32. Qe5 Qxb4 33. Rc1
Rd8 34. Qh5+ Ke7 35. Qxh7+ Ke8 36. Rc7 Bd7 37. Qg6+ Ke7 38. Qg5+ Ke8 39. Qxd5
Qe7 40. Bd6 Qh7 41. Qe5+ 1-0

[Event "28th WSCC2018 - Open 50+1"]
[Site "Bled"]
[Date "2018.11.23"]
[Round "6.18"]
[White "Grant, Jonathan I M"]
[Black "Resika, Nathan"]
[Result "1-0"]
[WhiteElo "2192"]
[BlackElo "2124"]
[PlyCount "79"]
[EventDate "2018.11.18"]

1. c4 Nf6 2. Nc3 d5 3. cxd5 Nxd5 4. Nf3 g6 5. h4 h6 6. e4 Nxc3 7. dxc3 Qxd1+ 8.
Kxd1 Bg4 9. Bc4 Nd7 10. Kc2 e5 11. Nh2 Be6 12. Bxe6 fxe6 13. Be3 Bc5 14. Bxc5
Nxc5 15. Ng4 Nd7 16. h5 g5 17. Rad1 Rh7 18. Rd2 O-O-O 19. Rhd1 Rf8 20. f3 b6
21. a4 Nf6 22. Nxf6 Rxf6 23. Rd8+ Kb7 24. Rg8 Rf4 25. Rdd8 g4 26. b4 gxf3 27.
b5 c5 28. gxf3 Rxf3 29. Rb8+ Kc7 30. Ra8 Kd6 31. Rgd8+ Rd7 32. Rxd7+ Kxd7 33.
Rxa7+ Kc8 34. Rh7 c4 35. Rxh6 Rf2+ 36. Kb1 Kd7 37. Rh7+ Kd6 38. Rb7 Rh2 39.
Rxb6+ Ke7 40. Rc6 1-0

[Event "28th WSCC2018 - Open 50+1"]
[Site "Bled"]
[Date "2018.11.23"]
[Round "6.19"]
[White "Kannenberg, Karl-Heinz"]
[Black "Cetinkaya, Vedat Ali"]
[Result "1-0"]
[WhiteElo "2182"]
[BlackElo "2056"]
[PlyCount "93"]
[EventDate "2018.11.18"]

1. d4 d5 2. c4 e6 3. Nc3 Nf6 4. cxd5 Nxd5 5. Nf3 Be7 6. e4 Nb6 7. Be3 O-O 8.
Qc2 N8d7 9. O-O-O Qe8 10. Nb5 Bd8 11. Nxc7 Bxc7 12. Qxc7 Nf6 13. Bd3 Bd7 14.
Kb1 Bc6 15. Nd2 Ng4 16. Qg3 Nxe3 17. Qxe3 Qe7 18. Nc4 Rfd8 19. Ne5 Qb4 20. Nxc6
bxc6 21. Bc2 Rab8 22. Bb3 a5 23. a3 Qb5 24. Qd3 Qxd3+ 25. Rxd3 c5 26. Rc1 cxd4
27. Rc7 Rbc8 28. Ra7 Rc5 29. Rb7 Nc8 30. Rb8 e5 31. Bd5 a4 32. f4 exf4 33. Rxd4
Rf8 34. Rxa4 Nd6 35. Raa8 Rcc8 36. Rxc8 Rxc8 37. Rxc8+ Nxc8 38. a4 g5 39. Kc2
g4 40. Kd2 Kf8 41. b4 h5 42. Ke1 h4 43. Kf2 Ke7 44. b5 Kd6 45. Bxf7 Kc5 46. e5
Ne7 47. h3 1-0

[Event "28th WSCC2018 - Open 50+1"]
[Site "Bled"]
[Date "2018.11.23"]
[Round "6.20"]
[White "Haessel, Dale R"]
[Black "Lopez De Turiso, Jose Angel"]
[Result "1-0"]
[WhiteElo "2155"]
[BlackElo "1934"]
[PlyCount "91"]
[EventDate "2018.11.18"]

1. d4 f5 2. g3 Nf6 3. Bg2 g6 4. c4 Bg7 5. Nf3 O-O 6. O-O c6 7. Nc3 d6 8. d5 Qa5
9. Nd4 c5 10. Ne6 Bxe6 11. dxe6 Nc6 12. Nd5 Qd8 13. Qa4 Kh8 14. Bg5 Qc8 15.
Rac1 h6 16. Bxf6 Bxf6 17. e4 Bxb2 18. exf5 gxf5 19. Rb1 Be5 20. Qc2 Rb8 21.
Rfe1 Qxe6 22. Kh1 Qf7 23. Qc1 Kg7 24. f4 Bd4 25. Nc7 Nd8 26. Bd5 Qh5 27. Rxe7+
Kh8 28. Nb5 Nc6 29. Re6 Rbe8 30. Qd1 Qxd1+ 31. Rxd1 Rxe6 32. Bxe6 Rf6 33. Bc8
a6 34. Nxd4 Nxd4 35. Bxb7 a5 36. Bd5 Rf8 37. Rb1 Re8 38. a4 Re2 39. Rb8+ Kg7
40. Ra8 Nb3 41. Ra7+ Kf6 42. Rd7 Ra2 43. Rxd6+ Kg7 44. Rd7+ Kf6 45. h4 Rxa4 46.
h5 1-0

[Event "28th WSCC2018 - Open 50+1"]
[Site "Bled"]
[Date "2018.11.23"]
[Round "6.21"]
[White "Brongers, Henk"]
[Black "Baimurzin, Aitkazy"]
[Result "0-1"]
[WhiteElo "2016"]
[BlackElo "2154"]
[PlyCount "96"]
[EventDate "2018.11.18"]

1. e4 g6 2. d4 Bg7 3. Nc3 a6 4. Be3 d6 5. Qd2 Nd7 6. h4 b5 7. h5 Bb7 8. hxg6
hxg6 9. Rxh8 Bxh8 10. a3 c5 11. f3 Rc8 12. g4 Bg7 13. g5 cxd4 14. Bxd4 Bxd4 15.
Qxd4 Qb6 16. Nge2 Qxd4 17. Nxd4 Ne5 18. O-O-O Nc4 19. Bxc4 Rxc4 20. Nb3 Ba8 21.
Nd5 Bxd5 22. Rxd5 Kd7 23. Nd2 Rc8 24. a4 e6 25. Rd4 Ne7 26. axb5 axb5 27. Rb4
Rc5 28. f4 Nc6 29. Rb3 Nd4 30. Rd3 Ne2+ 31. Kd1 Nxf4 32. Rf3 e5 33. b3 Rc8 34.
c4 b4 35. Nf1 Rh8 36. Ne3 Rh3 37. Rxh3 Nxh3 38. Ke2 Nxg5 39. Kd3 Ne6 40. Nd5
Nc5+ 41. Ke3 Nxb3 42. Nxb4 f5 43. Nd3 Ke6 44. Nf2 Nc5 45. exf5+ gxf5 46. Kf3
e4+ 47. Ke3 Ke5 48. Nh3 Ne6 0-1

[Event "28th WSCC2018 - Open 50+1"]
[Site "Bled"]
[Date "2018.11.23"]
[Round "6.22"]
[White "Namyslo, Holger"]
[Black "Gayson, Peter M"]
[Result "1/2-1/2"]
[WhiteElo "2254"]
[BlackElo "2141"]
[PlyCount "95"]
[EventDate "2018.11.18"]

1. e4 c5 2. Nf3 e6 3. c3 d5 4. e5 d4 5. Bd3 Nc6 6. O-O Nge7 7. Re1 Nd5 8. Na3
Be7 9. Be4 O-O 10. c4 Ndb4 11. d3 a6 12. Nb1 Nb8 13. Nbd2 N4c6 14. Nf1 f5 15.
exf6 Bxf6 16. Ng3 Qd6 17. Qe2 e5 18. Bd5+ Kh8 19. Ne4 Qe7 20. Nfg5 Bf5 21. g4
Bxe4 22. Nxe4 g6 23. Bh6 Bg7 24. Bg5 Qc7 25. Nxc5 Nd8 26. b4 Nbc6 27. a3 Ne7
28. Bg2 Ra7 29. Nb3 Ne6 30. Bd2 Raa8 31. Qe4 Rab8 32. Rac1 g5 33. Na5 b6 34.
Nc6 Nxc6 35. Qxc6 Qxc6 36. Bxc6 Nf4 37. Be4 Nh3+ 38. Kg2 Rxf2+ 39. Kxh3 Rxd2
40. Rf1 a5 41. Rb1 axb4 42. axb4 Rf8 43. c5 bxc5 44. bxc5 Rc2 45. c6 Kg8 46.
Rbc1 Rff2 47. c7 Rxc7 48. Bd5+ 1/2-1/2

[Event "28th WSCC2018 - Open 50+1"]
[Site "Bled"]
[Date "2018.11.23"]
[Round "6.23"]
[White "Matthews, Shane"]
[Black "Jensen, Stein"]
[Result "1/2-1/2"]
[WhiteElo "2243"]
[BlackElo "2011"]
[PlyCount "40"]
[EventDate "2018.11.18"]

1. e4 e6 2. d4 d5 3. Nc3 Nf6 4. e5 Nfd7 5. f4 c5 6. Nf3 Nc6 7. Be3 a6 8. Qd2 b5
9. dxc5 Bxc5 10. O-O-O Qb6 11. Nd4 Nxd4 12. Bxd4 Bxd4 13. Qxd4 Qxd4 14. Rxd4
Nb6 15. a4 bxa4 16. Nxa4 Nd7 17. Be2 Rb8 18. Rhd1 a5 19. Nc3 Nc5 20. Nb5 Ke7
1/2-1/2

[Event "28th WSCC2018 - Open 50+1"]
[Site "Bled"]
[Date "2018.11.23"]
[Round "6.24"]
[White "Schmuki, Roman"]
[Black "Stentebjerg-Hansen, Per"]
[Result "0-1"]
[WhiteElo "2011"]
[BlackElo "2219"]
[PlyCount "60"]
[EventDate "2018.11.18"]

1. e4 c6 2. d4 d5 3. exd5 cxd5 4. c4 Nf6 5. Nc3 Nc6 6. Bg5 Be6 7. Nf3 g6 8. Be2
Bg7 9. O-O O-O 10. c5 Ne4 11. Be3 Nxc5 12. Nxd5 Qxd5 13. dxc5 Bxb2 14. Qxd5
Bxd5 15. Rab1 Bf6 16. a4 Rfd8 17. Rfd1 Be4 18. Rb5 Rxd1+ 19. Bxd1 Rd8 20. Bb3
Rd7 21. Ne1 Bc3 22. f3 Bf5 23. g4 Bxe1 24. gxf5 a6 25. fxg6 hxg6 26. Kf1 axb5
27. axb5 Rd3 28. bxc6 bxc6 29. Ba4 Rxe3 30. Bxc6 Bb4 0-1

[Event "28th WSCC2018 - Open 50+1"]
[Site "Bled"]
[Date "2018.11.23"]
[Round "6.25"]
[White "Koehler, Gerhard"]
[Black "Siedl, Manfred"]
[Result "1-0"]
[WhiteElo "2197"]
[BlackElo "2071"]
[PlyCount "79"]
[EventDate "2018.11.18"]

1. c4 e5 2. g3 Nf6 3. Bg2 c6 4. d4 exd4 5. Qxd4 d5 6. cxd5 cxd5 7. Nf3 Nc6 8.
Qd1 Bb4+ 9. Nbd2 O-O 10. O-O Re8 11. a3 Bxd2 12. Bxd2 d4 13. Re1 Qb6 14. b4 Bf5
15. Qb3 h6 16. Rad1 Ne4 17. Bc1 Rad8 18. e3 dxe3 19. Bxe3 Rxd1 20. Rxd1 Qc7 21.
Qc4 Qc8 22. Nh4 Bh7 23. Rc1 a6 24. a4 Qd7 25. b5 axb5 26. axb5 Ne5 27. Qd4 Qxd4
28. Bxd4 g5 29. Nf3 Nxf3+ 30. Bxf3 Rd8 31. Be3 Rd7 32. b6 Nd2 33. Bg2 Nb3 34.
Rc8+ Kg7 35. h3 Na5 36. g4 Bd3 37. Bd2 Nc4 38. Bc3+ Kg6 39. Rg8+ Kh7 40. Rg7+
1-0

[Event "28th WSCC2018 - Open 50+1"]
[Site "Bled"]
[Date "2018.11.23"]
[Round "6.26"]
[White "Teo, Kok Siong"]
[Black "Davis, Lee"]
[Result "1/2-1/2"]
[WhiteElo "2191"]
[BlackElo "1948"]
[PlyCount "46"]
[EventDate "2018.11.18"]

1. d4 Nf6 2. Nf3 e6 3. c4 b6 4. Nc3 Bb4 5. e3 Ne4 6. Qb3 Bxc3+ 7. bxc3 d6 8.
Bd3 Bb7 9. a4 a5 10. O-O Nd7 11. Qc2 f5 12. Nd2 Qh4 13. f3 Nxd2 14. Bxd2 O-O
15. Rab1 Qe7 16. e4 fxe4 17. Bxe4 Bxe4 18. Qxe4 Nf6 19. Qe2 Qd7 20. Rb5 Rae8
21. f4 Qc6 22. Ra1 Qe4 23. Re1 Qc6 1/2-1/2

[Event "28th WSCC2018 - Open 50+1"]
[Site "Bled"]
[Date "2018.11.23"]
[Round "6.27"]
[White "Peter, Steven"]
[Black "Fritsch, Rolf"]
[Result "1-0"]
[WhiteElo "2040"]
[BlackElo "2189"]
[PlyCount "53"]
[EventDate "2018.11.18"]

1. d4 g6 2. e4 Bg7 3. Nc3 d6 4. f4 a6 5. Nf3 e6 6. Bd3 Ne7 7. Be3 Nd7 8. e5 b6
9. O-O Bb7 10. Qe2 Nf5 11. Bf2 dxe5 12. dxe5 h5 13. Rad1 Qe7 14. Be4 O-O-O 15.
Qc4 Bxe4 16. Nxe4 Kb7 17. Rd3 Nb8 18. Rb3 Ka8 19. Rc3 Rd7 20. a4 a5 21. Nf6
Bxf6 22. exf6 Qxf6 23. Ne5 Re7 24. Qe4+ Ka7 25. Rc5 bxc5 26. Bxc5+ Ka6 27. Qa8#
1-0